00477nam a2200145 a 450000100100000000500170001000800410002704000250006808200140009324500400010726000310014730000240017895201120020299900170031400003735520200930080319.0120328s19uu uu a 000 0 spa d aDO-SdBNPbspacBNPHU axxxbxxxx00aAtención integral al adolescente. a[s.l.], :b[s.d],c[s.f.]. av. :bil. ;c22 cm. 001050718MOaGRbGRcCTd2012-03-28iLF1l0oxxx xxxxp37355-10r2020-06-25w2020-06-25y1ZNo se presta c36845d36845